El terror de Sexto B y otras historias del colegio / (Registro nro. 11789)
[ vista simple ]
| 000 -LEADER | |
|---|---|
| fixed length control field | 01010nam a22002897a 4500 |
| 001 - CONTROL NUMBER | |
| control field | 000644 |
| 003 - CONTROL NUMBER IDENTIFIER | |
| control field | DO-SdBNP |
| 005 - DATE AND TIME OF LATEST TRANSACTION | |
| control field | 20180208144914.0 |
| 007 - PHYSICAL DESCRIPTION FIXED FIELD--GENERAL INFORMATION | |
| fixed length control field | 000644 |
| 008 - FIXED-LENGTH DATA ELEMENTS--GENERAL INFORMATION | |
| fixed length control field | 161104b 1995 ck a ||||| |||| 00| 0 spa d |
| 020 ## - INTERNATIONAL STANDARD BOOK NUMBER | |
| International Standard Book Number | 9588061202 |
| 040 ## - CATALOGING SOURCE | |
| Original cataloging agency | BPMSU |
| Language of cataloging | spa |
| Transcribing agency | BPMSU |
| 100 1# - MAIN ENTRY--PERSONAL NAME | |
| Personal name | Reyes, Yolanda, |
| Dates associated with a name | 1959- |
| 245 10 - TITLE STATEMENT | |
| Title | El terror de Sexto B y otras historias del colegio / |
| Statement of responsibility, etc. | Yolanda Reyes ; ilustraciones de Daniel Rabanal. |
| 246 10 - VARYING FORM OF TITLE | |
| Title proper/short title | El terror de sexto "B" |
| 260 ## - PUBLICATION, DISTRIBUTION, ETC. (IMPRINT) | |
| Place of publication, distribution, etc. | Bogotá, Colombia : |
| Name of publisher, distributor, etc. | Alfaguara, |
| Date of publication, distribution, etc. | 1995. |
| Date of manufacture | 8ª reimp. 2001 |
| 300 ## - PHYSICAL DESCRIPTION | |
| Extent | 78 p. : |
| Other physical details | il. ; |
| Dimensions | 20 cm. |
| 490 1# - SERIES STATEMENT | |
| Series statement | Alfaguara infantil. |
| 500 ## - GENERAL NOTE | |
| General note | Para niños a partir de los 10 años. |
| 500 ## - GENERAL NOTE | |
| General note | Incluye datos biográficos de la autora en la solapa de la contracubierta |
| 500 ## - GENERAL NOTE | |
| General note | Octava reimpresión: septiembre de 2001 |
| 700 12 - ADDED ENTRY--PERSONAL NAME | |
| Personal name | Rabanal, Daniel, |
| Dates associated with a name | 1949-, |
| Relator term | il. |
| 830 #0 - SERIES ADDED ENTRY--UNIFORM TITLE | |
| Uniform title | Alfaguara infantil. |
| 942 ## - ADDED ENTRY ELEMENTS (KOHA) | |
| Source of classification or shelving scheme | Dewey Decimal Classification |
| Koha item type | Libros |
| 945 ## - LOCAL PROCESSING INFORMATION (OCLC) | |
| a | Inventariado, 2018 /LP |
| 956 ## - LOCAL ELECTRONIC LOCATION AND ACCESS (OCLC) | |
| Host name | LOPEREZ |
| Access number | 10 |
| Compression information | 20161104 |
| Processor of request | BPMSU |
| Withdrawn status | Lost status | Source of classification or shelving scheme | Damaged status | Not for loan | Collection code | Home library | Current library | Date acquired | Source of acquisition | Total Checkouts | Barcode | Date last seen | Price effective from | Koha item type |
|---|---|---|---|---|---|---|---|---|---|---|---|---|---|---|
| Dewey Decimal Classification | Colección Infantil General | Biblioteca Pública Metropolitana Salomé Ureña | Biblioteca Pública Metropolitana Salomé Ureña | 11/04/2016 | Alfaguara | BPMSU16110079 | 11/04/2016 | 11/04/2016 | Libros |